Province of Thailand with commercial airports - Statistics

General Stats
  • This quiz has been taken 28 times
  • The average score is 24 of 35
Answer Stats
Answer % Correct
Bangkok
100%
Chiang Mai
100%
Chiang Rai
95%
Phuket
95%
Surat Thani
86%
Khon Kaen
82%
Krabi
82%
Ubon Ratchathani
82%
Udon Thani
82%
Nan
77%
Rayong
77%
Lampang
73%
Loei
73%
Mae Hong Son
73%
Trang
73%
Yala
73%
Nakhon Si Thammarat
68%
Phitsanulok
68%
Phrae
68%
Songkhla
68%
Sukhothai
68%
Buriram
64%
Chumphon
64%
Samut Prakan
64%
Tak
64%
Ranong
59%
Sakon Nakhon
59%
Trat
59%
Nakhon Ratchasima
55%
Narathiwat
55%
Nakhon Phanom
50%
Roi Et
45%
Prachuap Khiri Khan
41%
Pattani
36%
Phetchabun
32%
No matching quizzes found
Score Distribution
Percent of People with Each Score
Percentile by Number Answered
Your Score History
You have not taken this quiz